Návrh vodovodu v cirkevnom centre s využitím vlastného zdroja pre zásobovanie vodou
Uložené v:
| Hlavný autor: | |
|---|---|
| Ďalší autori: | |
| Médium: | Rukopis Kniha |
| Jazyk: | Slovak |
| Vydavateľské údaje: |
2015
|
| Predmet: | |
| On-line prístup: | http://is.stuba.sk/zp/portal_zp.pl?podrobnosti=109378 https://opac.crzp.sk/?fn=detailBiblioForm&sid=78283B71680DBAF21B45D31D22D4 |
| Tagy: |
Žiadne tagy, Buďte prvý, kto otaguje tento záznam!
|
MARC
| LEADER | 00000ntm a22000003a 4500 | ||
|---|---|---|---|
| 001 | stuzp50548 | ||
| 003 | SK-STU | ||
| 005 | 20231026092115.1 | ||
| 007 | ta | ||
| 008 | 150427s2015----xo-----f-mn---000-0-slo-d | ||
| 040 | |a STU |b slo | ||
| 041 | 0 | |a slo | |
| 100 | 1 | |a Načevová, Lýdia |u 010290 |4 aut |U SvF Stavebná fakulta |T SvF Katedra technických zariadení budov |X 67505 |U V290 |Y 31 |7 A000067505 | |
| 242 | 0 | 1 | |a Proposal water supply in the religious center using its own source |y eng |
| 245 | 1 | 0 | |a Návrh vodovodu v cirkevnom centre s využitím vlastného zdroja pre zásobovanie vodou |
| 260 | |c 2015 | ||
| 650 | 4 | |a vlastný zdroj vody |2 slo | |
| 650 | 4 | |a zásobovanie budovy vodou |2 slo | |
| 650 | 4 | |a úžitková voda |2 slo | |
| 650 | 4 | |a own resource water supply |2 eng | |
| 650 | 4 | |a design of water supply system |2 eng | |
| 650 | 4 | |a rainwater reservoir for building |2 eng | |
| 700 | 1 | |a Peráčková, Jana |4 ths |X 2739 |7 A000002739 | |
| 856 | 4 | |u http://is.stuba.sk/zp/portal_zp.pl?podrobnosti=109378 | |
| 856 | 4 | |u https://opac.crzp.sk/?fn=detailBiblioForm&sid=78283B71680DBAF21B45D31D22D4 | |
| SQL | |a stuzp50548 |b DDP |c SLO |d Návrh vodovodu v cirkevnom centre s využitím vlastného zdroja pre zásobovanie vodou |e 67505 |f Načevová, Lýdia |g 010290 |h 2739 |i Peráčková, Jana |j 20150615 |k 24 |l 01 |m http://is.stuba.sk/zp/portal_zp.pl?podrobnosti=109378 |n I-TZB |o 5.1.4. pozemné stavby | ||